| 000 | 00640nam a2200193 a 4500 | ||
|---|---|---|---|
| 008 | 120416s1996 ||||||||||||||||| || u | ||
| 020 | _a0751006564 | ||
| 050 | _aKD 180 Tor | ||
| 100 | _aPitchfork, E. D | ||
| 245 | 1 | 0 |
_aLaw of tort _cedited by E. D. Pitchfork |
| 246 | _atort casebook | ||
| 250 | _a7th ed. | ||
| 260 |
_aLondon _bHLT Pubs _c1996 |
||
| 300 | _axviii, 326p. : ill | ||
| 350 | _a0.00 | ||
| 650 | _aTORTS | ||
| 650 | _aTORTS--LAW AND LEGISLATION--GREAT BRITAIN | ||
| 995 |
_D0.00 _FCBU-MAIN LIBRARY (Kitwe) _H1 _I17.95 _M1 _UAVAILABLE _ZMain Library Open Access Collection |
||
| 999 |
_c48957 _d48957 |
||